书目信息 |
| 题名: |
后现代主义文化
|
|
| 作者: | 康纳 著 ;严忠志 译 | |
| 分册: | ||
| 出版信息: | 北京 商务印书馆 2002 |
|
| 页数: | 471页 | |
| 开本: | 20cm | |
| 丛书名: | 现代性研究译丛 | |
| 单 册: | ||
| 中图分类: | J110.99 | |
| 科图分类: | ||
| 主题词: | 后现代主义--研究 | |
| 电子资源: | ||
| ISBN: | 7-100-03453-1 | |
| 000 | 00786nam2 2200241 45 | |
| 001 | 0408071782 | |
| 005 | 20040807174239.8 | |
| 010 | @a7-100-03453-1@dCNY26.00 | |
| 100 | @a20040807d2002 km y0chiy0120 ea | |
| 101 | 0 | @achi@ceng |
| 105 | @a z 000yy | |
| 200 | 1 | @a后现代主义文化@AHou Xian Dai Zhu Yi Wen Hua@e当代理论导引@EDang Dai Li Lun Dao Yin@f(英)史蒂文·康纳著@F(Ying)Shi Di Wen·Kang Na Zhu@g严忠志译 |
| 210 | @a北京@c商务印书馆@d2002 | |
| 215 | @a471页@d20cm | |
| 225 | @a现代性研究译丛 | |
| 410 | @12001 @a现代性研究译丛 | |
| 517 | @a当代理论导引@ADang Dai Li Lun Dao Yin | |
| 606 | 0 | @a后现代主义@x研究 |
| 690 | @aJ110.99@v4 | |
| 701 | 0 | @a康纳@4著 |
| 702 | 0 | @a严忠志@AYan Zhong Zhi@4译 |
| 801 | @aCN@bTSTCL@c20040807 | |
| 905 | @b335185-187@dJ110.99@e44@f3 | |
| 后现代主义文化:当代理论导引/(英)史蒂文·康纳著/严忠志译.-北京:商务印书馆,2002 |
| 471页;20cm.-(现代性研究译丛) |
| ISBN 7-100-03453-1:CNY26.00 |
| ● |
| 相关链接 |
|
|
|
|
正题名:后现代主义文化
索取号:J110.99/44
 
预约/预借
| 序号 | 登录号 | 条形码 | 馆藏地/架位号 | 状态 | 备注 |
| 1 | 0335185 | 203351853 | 第一借阅区/ [索取号:J110.99/44] | 在馆 | |
| 2 | 0335186 | 203351862 | 第一借阅区/ [索取号:J110.99/44] | 在馆 | |
| 3 | 0335187 | 203351871 | 第一样本阅览室/ [索取号:J110.99/44] | 在馆 |